Zanimateľnaja jadernaja fizika.

Uložené v:
Podrobná bibliografia
Hlavný autor: Muchin, Konstantin Nikiforovič (Author)
Médium: Kniha
Jazyk:Russian
Vydané: 1972.
Tagy: Pridať tag
Žiadne tagy, Buďte prvý kto otaguje tento záznam!

MARC

LEADER 00000nam a2200000 a 4500
001 000178621
005 20170613134108.0
008 040101s1972 e ruso
041 0 |a rus 
100 1 |a Muchin, Konstantin Nikiforovič  |4 aut 
245 1 0 |a Zanimateľnaja jadernaja fizika. 
260 |c 1972. 
500 |a Záznam revízie 
910 |a svkkk 
998 |a BK 
090 |g SCKHL  |k Sklad  |a X0.10773  |j 045758  |i 178621-10  |4 Zastaraná  |s Vyradená